000
00313nam a2200133Ia 4500
008
190216s9999||||xx |||||||||||||| ||und||
100
_a
Robert A Alberty
245
0
_a
Physical Chemistry
250
_a
6th Ed.
260
_b
Wiley Eastern Ltd
_c
1983
300
_a
824
650
_a
Chemistry-Chemistry
942
_c
BK
999
_c
2639
_d
2639